Gender, School and Society/ (Record no. 211719)

MARC details
000 -LEADER
fixed length control field 00673nam a22002057a 4500
005 - DATE AND TIME OF LATEST TRANSACTION
control field 20250611110025.0
010 ## - LCCN (DPL NO)
LC control number ENG-145277
020 ## - INTERNATIONAL STANDARD BOOK NUMBER
Terms of availability 385.00
International Standard Book Number 9789354497483
035 ## - SYSTEM CONTROL NUMBER
System control number EN-128809
037 ## - SOURCE OF ACQUISITION
Source of stock number/acquisition DBAD
082 ## - DEWEY DECIMAL CLASSIFICATION NUMBER
Classification number 372.82
100 ## - MAIN ENTRY--PERSONAL NAME
Personal name Jain, Shikha
245 ## - TITLE STATEMENT
Title Gender, School and Society/
Statement of responsibility, etc Shikha Jain [and] Seema Sarohe
250 ## - EDITION STATEMENT
Edition statement 1
260 ## - PUBLICATION, DISTRIBUTION, ETC. (IMPRINT)
Place of publication, distribution, etc Uttar Pradesh
Name of publisher, distributor, etc Pearson India Education Pvt Ltd
Date of publication, distribution, etc 2022
270 ## - ADDRESS
City Uttar Pradesh
Address 1st FLoor, Berger Tower, Plot No. C-001A/2, Sector-16B, Noida
Postal code 201301
300 ## - PHYSICAL DESCRIPTION
Extent xxii, 314p.
Dimensions 23cm(pb)
Other physical details Index
700 ## - ADDED ENTRY--PERSONAL NAME
Personal name Sarohe, Seema
Relator term Author
9 (RLIN) 81867
942 ## - ADDED ENTRY ELEMENTS (KOHA)
Source of classification or shelving scheme Dewey Decimal Classification
Item type English Books
Classification part 372.82
Call number suffix JAI
Edition 1
Holdings
Withdrawn status Lost status Not for loan Collection code Home library Current library Date acquired Source of acquisition Cost, normal purchase price Full call number Barcode Copy number Cost, replacement price Koha item type
      Non-fiction Mobile Library Mobile Library 11/06/2025 Delivery of Books Act Division 385.00 372.82 JAI EN-128809 1 385.00 English Books

© Delhi Public Library
Hit Counter
free hit counter